MARC

LEADER 00000nam0a2200000 4500
001 215054
005 20231101225935.0
010 |a 1853596183 
035 |a (RuTPU)RU\TPU\book\234949 
090 |a 215054 
100 |a 20120503d2003 k y0engy50 ba 
101 0 |a eng 
102 |a GB 
105 |a y z 001zy 
200 1 |a Translation Today. Trends and Perspectives  |f edited by G. Anderman, M. Rogers 
210 |a Clevedon  |c Multilingual Matters  |d 2003 
215 |a 232 p. 
320 |a Index: p. 228-232. 
606 1 |a Английский язык  |x Учебные руководства и пособия для высшей школы  |x Пособия по стилистике, переводу  |2 stltpush  |3 (RuTPU)RU\TPU\subj\67887  |9 83516 
610 1 |a переводы 
610 1 |a переводческая деятельность 
610 1 |a переводоведение 
610 1 |a переводческие ошибки 
610 1 |a переводческий анализ 
610 1 |a переводческое реферирование 
686 |a Ш143.21-923.7  |v LBC/SL-A  |2 rubbk 
702 1 |a Anderman  |b G.  |g Gunilla  |4 340 
702 1 |a Rogers  |b M.  |g Margaret  |4 340 
801 1 |a RU  |b 63413507  |c 20120503 
801 2 |a RU  |b 63413507  |c 20120516  |g RCR 
942 |c BK